000 00601nam a2200205 a 4500
001 16391
003 CO-ViMGA
008 141112s2004 ck r 000 u spa d
020 _a9583006807
040 _aCO-ViMGA
_bspa
_cCO-ViMGA
082 0 4 _aCo863.08 H375c
100 1 _aHernández, Carlos Nicolás
_98103
245 1 0 _aCuentistas Antioqueños
260 _aBogotá :
_bPanAméricana,
_c1999
300 _a320.p.il.
490 _aBiblioteca del cuento Colombiano
590 _aForma de adquisición : Premio - Mincultura
650 1 4 _aCUENTOS COLOMBIANOS - COLECCIONES
_915113
942 _2ddc
_cBK
999 _c26259
_d26259